| 000 | 00401nam a2200157Ia 4500 | ||
|---|---|---|---|
| 005 | 20240807062300.0 | ||
| 008 | 240806s9999||||xx |||||||||||||| ||eng|| | ||
| 041 | _aeng | ||
| 082 |
_a891.4312 _bKABI |
||
| 100 | _aDharmveer | ||
| 245 | 0 |
_aKabir : dr. hazari prasad dwivedi ka prakshipt chintan / _cDharmveer |
|
| 260 | _bVani Prakashan, New Delhi | ||
| 300 | _a117 | ||
| 650 | _aHindi | ||
| 942 | _cBK | ||
| 999 |
_c14156 _d14156 |
||